| 000 | 00428 a2200169 4500 | ||
|---|---|---|---|
| 003 | Nust | ||
| 005 | 20170207153341.0 | ||
| 040 | _cNust | ||
| 082 | _a005.1 | ||
| 100 | _aMasood , Taha M. BESE-02 | ||
| 245 |
_aEcommerce Store Development tool (Hard / Softcopy) _cM.Taha Masood & M. Kamran Khalid BESE-02 |
||
| 260 |
_bMCS _c2000 |
||
| 300 | _a54p | ||
| 538 | _aT4 And Shelf No 2 | ||
| 650 | _aUG Projects | ||
| 651 | _aUG CS Projects | ||
| 942 | _cTHS | ||
| 999 |
_c184305 _d184305 |
||